| 000 | 004750000a22001810004500 | ||
|---|---|---|---|
| 003 | MACL | ||
| 005 | 20160106121022.0 | ||
| 008 | 160106b xxu||||| |||| 00| 0 eng d | ||
| 040 |
_aMACL _cMACL |
||
| 041 | _aEnglish | ||
| 082 | _a823/MYR | ||
| 100 |
_aMyrdal, Gunnar _921252 |
||
| 245 |
_aAsian Drama _bAn Inquiry Into the Poverty of Nations vol 3 |
||
| 260 |
_bKalyani Publishers _c1982 _aNew Delhi |
||
| 350 | _a360 | ||
| 650 |
_aDrama _928483 |
||
| 942 |
_cBK _k822/MYR _2ddc |
||
| 999 |
_c38426 _d38426 |
||